000
00325nam a2200145Ia 4500
005
20251222140056.0
008
251222s1900||||xx |||||||||||||| ||spa||
020
_a
9500417529
082
_a
184/G84
100
_a
Guardini, Romano
245
0
_a
La Muerte de Sócrates
250
_a
1ra.ed.
264
_b
Enecé
942
_c
LIB
999
_c
3777
_d
3777